[Event "SRB-chT 2nd League West"]
[Site "Kragujevac"]
[Date "2019.09.07"]
[Round "3.2"]
[White "Ikic, Alija"]
[Black "Bojovic, Dusan"]
[Result "0-1"]
[WhiteElo "2132"]
[BlackElo "2236"]
[PlyCount "90"]
[EventDate "2019.09.06"]
[EventType "team-tourn"]
[EventRounds "11"]
[EventCountry "SRB"]
[SourceTitle "EXT 2020"]
[Source "ChessBase"]
[SourceDate "2019.10.17"]
[SourceVersion "1"]
[SourceVersionDate "2019.10.17"]
[SourceQuality "1"]
[WhiteTeam "Tutin"]
[BlackTeam "Aleksandrovac"]
[WhiteTeamCountry "SRB"]
[BlackTeamCountry "SRB"]

1. Nf3 c5 2. g3 Nc6 3. Bg2 g6 4. 0-0 Bg7 5. d3 d6 6. c4 e6 7. Na3 Nge7 8. Nc2 0-0 9. Rb1 a5 10. d4 e5 11. d5 Nb4 12. a3 Nxc2 13. Qxc2 Bd7 14. Nd2 f5 15. f4 e4 16. e3 a4 17. Rd1 Qc7 18. Bf1 Rfb8 19. Ra1 b5 20. cxb5 Bxb5 21. Bxb5 Rxb5 22. Nc4 Nc8 23. Nd2 Nb6 24. Nb1 c4 25. Nc3 Bxc3 26. Qxc3 Nxd5 27. Qd4 Qc5 28. Qxc5 Rxc5 29. Bd2 Rb8 30. Bc3 Nxc3 31. bxc3 d5 32. Rd2 Kf7 33. Kf2 Rb3 34. Rc2 Rcb5 35. Raa2 Rb1 36. h3 R5b3 37. g4 Rh1 38. Kg2 Rd1 39. gxf5 gxf5 40. Rd2 Rxd2+ 41. Rxd2 Ke6 42. Rc2 Rxa3 43. Kf2 Rb3 44. Ke2 a3 45. Kd1 Rb1+ 0-1

[Event "SRB-chT2 West"]
[Site "Arandjelovac"]
[Date "2018.10.05"]
[Round "7.2"]
[White "Bojovic, Dusan"]
[Black "Tomic, Aleksandar1111"]
[Result "0-1"]
[WhiteElo "2237"]
[BlackElo "2293"]
[PlyCount "66"]
[EventDate "2018.09.07"]
[EventType "team-tourn"]
[EventRounds "11"]
[EventCountry "SRB"]
[SourceTitle "EXT 2021"]
[Source "ChessBase"]
[SourceDate "2020.10.23"]
[SourceVersion "1"]
[SourceVersionDate "2020.10.23"]
[SourceQuality "1"]
[WhiteTeam "Aleksandrovac Zupa"]
[BlackTeam "Arandjelovac"]
[WhiteTeamCountry "SRB"]
[BlackTeamCountry "SRB"]

1. e4 c5 2. Nf3 e6 3. d4 cxd4 4. Nxd4 a6 5. Bd3 Nf6 6. Nc3 Qc7 7. 0-0 Bc5 8. Be3 d6 9. Qe2 b5 10. Nb3 Bxe3 11. Qxe3 0-0 12. h3 Nc6 13. f4 b4 14. Ne2 a5 15. a4 bxa3 16. Rxa3 Nb4 17. Nc3 Bd7 18. e5 Nfd5 19. Nxd5 Nxd5 20. Qe4 f5 21. Qd4 dxe5 22. fxe5 Rfb8 23. c4 Nb4 24. Qc5 Qd8 25. Be2 Nc2 26. Rxa5 Rxb3 27. Rxa8 Qxa8 28. Rd1 Rb7 29. Qe7 Qe8 30. Qd6 Ne3 31. Rd2 Ba4 32. Qc5 f4 33. b4 Bc6 0-1

[Event "Petrovac op"]
[Site "Petrovac"]
[Date "2015.05.13"]
[Round "8"]
[White "Bojovic, Dusan"]
[Black "Nikcevic, Nebojsa"]
[Result "0-1"]
[WhiteElo "2280"]
[BlackElo "2414"]
[PlyCount "60"]
[EventDate "2015.05.08"]
[EventType "swiss"]
[EventRounds "9"]
[EventCountry "MNE"]
[SourceTitle "CBM 166 Extra"]
[Source "ChessBase"]
[SourceDate "2015.06.18"]
[SourceVersion "1"]
[SourceVersionDate "2015.06.18"]
[SourceQuality "1"]

1. e4 c5 2. Nf3 g6 3. d4 Bg7 4. Nc3 cxd4 5. Nxd4 Nc6 6. Be3 Nf6 7. Bc4 d6 8. h3 0-0 9. Bb3 Na5 10. 0-0 b6 11. Re1 Bb7 12. Bg5 Rc8 13. Bd5 Ba6 14. Ndb5 Bxb5 15. Nxb5 e6 16. Bxe6 fxe6 17. Nxd6 Nc4 18. Nxc8 Qxc8 19. b3 Ne5 20. Qe2 Nh5 21. Rad1 h6 22. Be3 Qe8 23. Rd6 g5 24. Red1 Nf4 25. Bxf4 gxf4 26. f3 Qe7 27. c4 Rf6 28. b4 Bf8 29. Qb2 Nxc4 30. Qc2 Ne3 0-1

[Event "Petrovac op"]
[Site "Petrovac"]
[Date "2015.05.11"]
[Round "6"]
[White "Bojovic, Dusan"]
[Black "Draskovic, Luka"]
[Result "1/2-1/2"]
[WhiteElo "2280"]
[BlackElo "2452"]
[PlyCount "33"]
[EventDate "2015.05.08"]
[EventType "swiss"]
[EventRounds "9"]
[EventCountry "MNE"]
[SourceTitle "CBM 166 Extra"]
[Source "ChessBase"]
[SourceDate "2015.06.18"]
[SourceVersion "1"]
[SourceVersionDate "2015.06.18"]
[SourceQuality "1"]

1. e4 c5 2. Nf3 d6 3. d4 cxd4 4. Nxd4 Nf6 5. Nc3 Bd7 6. Bg5 e6 7. f3 a6 8. Qd2 Nc6 9. Nxc6 Bxc6 10. 0-0-0 b5 11. Ne2 Bb7 12. g4 Qc7 13. Bf4 Rc8 14. Ng3 Nd7 15. Kb1 Ne5 16. Bxe5 dxe5 17. Nh5 1/2-1/2

[Event "SRB-chT2 West"]
[Site "Sabac"]
[Date "2014.09.25"]
[Round "1.6"]
[White "Bojovic, Dusan"]
[Black "Bozovic, Nikola"]
[Result "0-1"]
[WhiteElo "2294"]
[BlackElo "2289"]
[PlyCount "102"]
[EventDate "2014.09.25"]
[EventType "team-swiss"]
[EventRounds "6"]
[EventCountry "SRB"]
[SourceTitle "EXT 2015"]
[Source "ChessBase"]
[SourceDate "2014.11.20"]
[SourceVersion "1"]
[SourceVersionDate "2014.11.20"]
[SourceQuality "1"]

1. e4 Nf6 2. e5 Nd5 3. d4 d6 4. c4 Nb6 5. exd6 cxd6 6. Nf3 g6 7. Nc3 Bg7 8. Be3 0-0 9. Qd2 Bg4 10. h4 Bxf3 11. gxf3 Nc6 12. 0-0-0 e5 13. d5 Nd4 14. h5 Nxf3 15. Qd3 Nd4 16. hxg6 fxg6 17. Bh3 Nf5 18. Ne4 Nxc4 19. Bg5 Qb6 20. b3 Na3 21. Be3 Rac8+ 22. Kb2 Nc4+ 23. Qxc4 Rxc4 24. Bxb6 Rxe4 25. Bxa7 Re2+ 26. Kc3 Ra8 27. Bb6 Raxa2 28. Bxf5 gxf5 29. Rdg1 Rac2+ 30. Kb4 Re4+ 31. Ka3 Rg4 32. Rxg4 fxg4 33. Rh4 Rd2 34. Rxg4 Rxd5 35. Be3 Kf7 36. Rh4 h6 37. Bxh6 Bxh6 38. Rxh6 Ke7 39. Kb4 Rd4+ 40. Kc3 Rf4 41. Rh7+ Rf7 42. Rh2 Ke6 43. Kc4 d5+ 44. Kc5 Rc7+ 45. Kb6 Rd7 46. Kc5 Kf5 47. Kb4 Rc7 48. Rh3 d4 49. Rd3 Ke4 50. Rd2 d3 51. Ka3 Rc2 0-1

[Event "Skopje Karposh op"]
[Site "Skopje"]
[Date "2014.03.31"]
[Round "4"]
[White "Bojovic, Dusan"]
[Black "Salem, AR Saleh"]
[Result "1/2-1/2"]
[WhiteElo "2284"]
[BlackElo "2558"]
[PlyCount "89"]
[EventDate "2014.03.29"]
[EventType "swiss"]
[EventRounds "9"]
[EventCountry "MKD"]
[SourceTitle "CBM 159 Extra"]
[Source "ChessBase"]
[SourceDate "2014.04.24"]
[SourceVersion "1"]
[SourceVersionDate "2014.04.24"]
[SourceQuality "1"]

1. e4 e5 2. Nf3 Nc6 3. d4 exd4 4. Nxd4 Bc5 5. Be3 Qf6 6. c3 Nge7 7. g3 h5 8. Nc2 b6 9. Bg2 Ba6 10. f4 h4 11. Nd2 0-0-0 12. Bxc5 bxc5 13. Qg4 hxg3 14. hxg3 Rxh1+ 15. Bxh1 g5 16. e5 Qh8 17. 0-0-0 gxf4 18. gxf4 Rg8 19. Qf3 Qh2 20. Qe3 Rg4 21. Bf3 Rxf4 22. Rh1 Rxf3 23. Qxf3 Qxe5 24. Qxf7 Nd8 25. Qf8 Nec6 26. Nb3 Qg5+ 27. Kb1 Bd3 28. Rd1 Qg6 29. Qf2 d6 30. Nc1 Be4 31. b3 Ne5 32. Rg1 Qh5 33. Kb2 Ndc6 34. Ne3 Bf3 35. Qc2 Qh6 36. Re1 Qh8 37. Qf5+ Kb7 38. Rf1 Ne7 39. Qf4 Qh3 40. Rf2 N7c6 41. Rh2 Qe6 42. Qf5 Qg8 43. Rh3 Ne7 44. Qh7 Qe6 45. Rg3 1/2-1/2

[Event "Skopje Karposh op"]
[Site "Skopje"]
[Date "2014.03.30"]
[Round "2"]
[White "Bojovic, Dusan"]
[Black "Donchenko, Alexander"]
[Result "0-1"]
[WhiteElo "2284"]
[BlackElo "2463"]
[PlyCount "98"]
[EventDate "2014.03.29"]
[EventType "swiss"]
[EventRounds "9"]
[EventCountry "MKD"]
[SourceTitle "CBM 159 Extra"]
[Source "ChessBase"]
[SourceDate "2014.04.24"]
[SourceVersion "1"]
[SourceVersionDate "2014.04.24"]
[SourceQuality "1"]

1. e4 c6 2. d4 d5 3. Nd2 dxe4 4. Nxe4 Bf5 5. Ng3 Bg6 6. h4 h6 7. Nf3 Nd7 8. h5 Bh7 9. Bd3 Bxd3 10. Qxd3 e6 11. Bd2 Ngf6 12. 0-0-0 Be7 13. Ne4 Nxe4 14. Qxe4 Nf6 15. Qe2 Qd5 16. c4 Qe4 17. Qxe4 Nxe4 18. Be3 f5 19. Rhe1 0-0 20. g3 Rad8 21. Rd3 Bd6 22. d5 exd5 23. cxd5 Bc5 24. Ne5 Bxe3+ 25. Rexe3 Nxf2 26. Rb3 Rxd5 27. Ng6 Rc5+ 28. Rbc3 Rxc3+ 29. bxc3 Ng4 30. Re7 Rb8 31. Rc7 Kh7 32. Rf7 Nf6 33. Nf4 a5 34. Kc2 a4 35. Kb2 b5 36. Rc7 Re8 37. Rxc6 Re3 38. Rc5 Rxg3 39. Rxb5 Rf3 40. Rb4 Ne4 41. Ng6 Rf2+ 42. Kc1 Rh2 43. c4 Rxh5 44. Nf8+ Kg8 45. Ne6 Kf7 46. Nf4 Rh1+ 47. Kb2 g5 48. Rb7+ Kf6 49. Nd3 Rh2+ 0-1

[Event "SRB-chT2 West"]
[Site "Vrnjacka Banja"]
[Date "2013.10.11"]
[Round "2"]
[White "Bojovic, Dusan"]
[Black "Irizanin, Radoje"]
[Result "0-1"]
[WhiteElo "2309"]
[BlackElo "2318"]
[PlyCount "80"]
[EventDate "2013.10.10"]
[EventType "team-tourn"]
[EventRounds "8"]
[EventCountry "SRB"]
[SourceTitle "EXT 2014"]
[Source "ChessBase"]
[SourceDate "2013.11.20"]
[SourceVersion "1"]
[SourceVersionDate "2013.11.20"]
[SourceQuality "1"]

1. e4 c5 2. Nf3 Nc6 3. d4 cxd4 4. Nxd4 g6 5. Nc3 Bg7 6. Be3 Nf6 7. Be2 0-0 8. 0-0 d5 9. Nxc6 bxc6 10. e5 Ne8 11. f4 f6 12. Qd4 Nc7 13. Rad1 fxe5 14. fxe5 Rxf1+ 15. Rxf1 Ne6 16. Qa4 Bd7 17. Bg4 Qc7 18. Qa6 Qxe5 19. Bf2 Nc7 20. Qa4 Bxg4 21. Qxg4 a6 22. Re1 Qd6 23. Na4 e5 24. Nb6 Rf8 25. Nc8 Qd8 26. Na7 Qe8 27. Bc5 Rf7 28. Qa4 Ne6 29. Bb6 e4 30. c3 Nf4 31. Qxa6 Qa8 32. Qc8+ Qxc8 33. Nxc8 Nd3 34. Re2 Rb7 35. Bd4 Bf8 36. b4 c5 37. Bf6 cxb4 38. h4 bxc3 39. Bxc3 Rc7 40. Nb6 Bc5+ 0-1

[Event "SRB-chT"]
[Site "Valjevo"]
[Date "2011.09.06"]
[Round "11.1"]
[White "Lajthajm, Borko"]
[Black "Bojovic, Dusan"]
[Result "1/2-1/2"]
[WhiteElo "2481"]
[BlackElo "2320"]
[PlyCount "174"]
[EventDate "2011.08.27"]
[EventType "team-tourn"]
[EventRounds "11"]
[EventCountry "SRB"]
[SourceTitle "CBM 144 Extra"]
[Source "ChessBase"]
[SourceDate "2011.10.28"]
[SourceVersion "1"]
[SourceVersionDate "2011.10.28"]
[SourceQuality "1"]
[WhiteTeam "Belgrade Agro"]
[BlackTeam "Pozega"]
[WhiteTeamCountry "SRB"]
[BlackTeamCountry "SRB"]

1. d4 Nf6 2. Nf3 g6 3. c4 Bg7 4. Nc3 d6 5. g3 0-0 6. Bg2 Nc6 7. 0-0 a6 8. b3 Bd7 9. Bb2 Rb8 10. d5 Na5 11. Nd4 c5 12. dxc6 bxc6 13. Qd3 c5 14. Nc2 Ng4 15. f4 Bc6 16. e4 Nxb3 17. axb3 Rxb3 18. h3 Rxb2 19. hxg4 Rb3 20. Ra3 Qb6 21. Rxb3 Qxb3 22. Rf3 e6 23. Nd1 Qa2 24. Qb3 Qxb3 25. Rxb3 Ba4 26. Ra3 Bxc2 27. Ne3 Bd4 28. Kh2 Bxe3 29. Rxe3 Rb8 30. e5 dxe5 31. Rxe5 Rc8 32. Bb7 Rc7 33. Bxa6 Bd1 34. g5 Bg4 35. Re3 h6 36. gxh6 Kh7 37. Rd3 Kxh6 38. Rd8 Kg7 39. Kg2 Kf6 40. Kf2 e5 41. Rd6+ Be6 42. Ke3 Kf5 43. fxe5 Kxe5 44. Rb6 f5 45. Rb8 g5 46. Re8 Kd6 47. Rb8 Ke5 48. Re8 Rc6 49. Bb5 Rd6 50. Re7 f4+ 51. gxf4+ gxf4+ 52. Kf3 Rd3+ 53. Kf2 Rd2+ 54. Kf3 Rd3+ 55. Kf2 Kd6 56. Rh7 Re3 57. Rh5 Rc3 58. Rh6 Ke5 59. Rh5+ Kd6 60. Rh6 Rh3 61. Rg6 Ke5 62. Ke2 Rh2+ 63. Kf3 Rh3+ 64. Ke2 Re3+ 65. Kd2 Kd4 66. Rf6 Ke5 67. Rf8 Rg3 68. Re8 Rg2+ 69. Ke1 Kd6 70. Rf8 Ke5 71. Re8 Kd6 72. Rf8 Rg4 73. Kf2 Rh4 74. Kg2 Ke5 75. Re8 Kd6 76. Kf3 Bg4+ 77. Kg2 Rh3 78. Rg8 f3+ 79. Kg1 Rg3+ 80. Kf2 Rg2+ 81. Kf1 Ke5 82. Ba6 Kf4 83. Bc8 Bxc8 84. Rxc8 Rg4 85. Kf2 Rg5 86. Re8 Kf5 87. Rf8+ Ke4 1/2-1/2

[Event "SRB-chT"]
[Site "Valjevo"]
[Date "2011.08.31"]
[Round "5.1"]
[White "Jesenski, Tibor"]
[Black "Bojovic, Dusan"]
[Result "0-1"]
[WhiteElo "2313"]
[BlackElo "2320"]
[PlyCount "94"]
[EventDate "2011.08.27"]
[EventType "team-tourn"]
[EventRounds "11"]
[EventCountry "SRB"]
[SourceTitle "CBM 144 Extra"]
[Source "ChessBase"]
[SourceDate "2011.10.28"]
[SourceVersion "1"]
[SourceVersionDate "2011.10.28"]
[SourceQuality "1"]
[WhiteTeam "Subotica Spartak"]
[BlackTeam "Pozega"]
[WhiteTeamCountry "SRB"]
[BlackTeamCountry "SRB"]

1. d4 Nf6 2. Nf3 g6 3. c4 Bg7 4. g3 d6 5. Bg2 0-0 6. 0-0 Nc6 7. Nc3 a6 8. b3 Bg4 9. Bb2 Rb8 10. h3 Bd7 11. e4 e5 12. d5 Ne7 13. Nd2 Nh5 14. b4 Bh6 15. c5 b6 16. c6 Bc8 17. Nc4 Qe8 18. Ne2 b5 19. Na5 f6 20. Bc1 Bxc1 21. Qxc1 f5 22. f3 Rb6 23. Qd2 Qf7 24. Kh2 Qg7 25. Rg1 g5 26. g4 fxg4 27. fxg4 Nf4 28. Nxf4 Rxf4 29. Rgf1 Ng6 30. Nb3 Rxf1 31. Rxf1 Nf4 32. Bf3 Qh6 33. Kg1 Qxh3 34. Qh2 Bxg4 35. Qxh3 Nxh3+ 36. Kg2 Nf4+ 37. Kg3 Bxf3 38. Kxf3 Kg7 39. Rd1 Rb8 40. Nc5 dxc5 41. bxc5 Kf6 42. d6 Ne6 43. Kg4 Nd4 44. Kh5 Ke6 45. dxc7 Rc8 46. Kxg5 Rxc7 47. Rh1 Nxc6 0-1

[Event "SRB-chT"]
[Site "Valjevo"]
[Date "2011.08.30"]
[Round "4.1"]
[White "Bojovic, Dusan"]
[Black "Tosic, Miroslav"]
[Result "0-1"]
[WhiteElo "2320"]
[BlackElo "2402"]
[PlyCount "96"]
[EventDate "2011.08.27"]
[EventType "team-tourn"]
[EventRounds "11"]
[EventCountry "SRB"]
[SourceTitle "CBM 144 Extra"]
[Source "ChessBase"]
[SourceDate "2011.10.28"]
[SourceVersion "1"]
[SourceVersionDate "2011.10.28"]
[SourceQuality "1"]
[WhiteTeam "Pozega"]
[BlackTeam "Novi Banovci Omladinac"]
[WhiteTeamCountry "SRB"]
[BlackTeamCountry "SRB"]

1. e4 c5 2. Nf3 e6 3. d4 cxd4 4. Nxd4 Nc6 5. Nc3 d6 6. Be2 Nf6 7. 0-0 Be7 8. Be3 0-0 9. Kh1 Bd7 10. f4 Nxd4 11. Qxd4 Bc6 12. Bf3 Qc7 13. Rad1 Rfd8 14. f5 b5 15. fxe6 fxe6 16. a4 a6 17. axb5 axb5 18. Qd3 Qb7 19. Bg5 Kh8 20. Ne2 Nd7 21. Qe3 Ne5 22. Nd4 Bxg5 23. Qxg5 h6 24. Qg3 Qe7 25. Bg4 Bd7 26. Bh3 Rf8 27. Kg1 Rac8 28. b3 b4 29. Rxf8+ Rxf8 30. Rf1 Rxf1+ 31. Kxf1 g5 32. Bg4 Qf6+ 33. Nf3 Bc6 34. Kg1 Bxe4 35. Nxe5 Qxe5 36. Qxe5+ dxe5 37. Bd1 Kg7 38. Kf2 Kf6 39. g4 Ke7 40. Ke3 Bg6 41. Kd2 Kd6 42. Bf3 e4 43. Bd1 e3+ 44. Kxe3 Ke5 45. c3 bxc3 46. Bf3 c2 47. Kd2 Bd3 48. b4 Kd6 0-1

[Event "SRB Central-ch op-A 4th"]
[Site "Paracin"]
[Date "2011.07.13"]
[Round "7"]
[White "Bolt, Graham"]
[Black "Bojovic, Dusan"]
[Result "0-1"]
[WhiteElo "2074"]
[BlackElo "2320"]
[PlyCount "110"]
[EventDate "2011.07.08"]
[EventType "swiss"]
[EventRounds "9"]
[EventCountry "SRB"]
[SourceTitle "CBM 143 Extra"]
[Source "ChessBase"]
[SourceDate "2011.08.29"]
[SourceVersion "1"]
[SourceVersionDate "2011.08.29"]
[SourceQuality "1"]

1. g3 g6 2. Bg2 Bg7 3. e4 d6 4. d3 c5 5. c4 Nc6 6. Nc3 e6 7. Nge2 Nge7 8. Be3 Nd4 9. Rb1 Nec6 10. 0-0 0-0 11. f4 Rb8 12. Bf2 a6 13. Nxd4 cxd4 14. Ne2 e5 15. Be1 b5 16. b3 bxc4 17. bxc4 Bg4 18. Rxb8 Qxb8 19. h3 Bd7 20. Qc1 Rc8 21. Bd2 Qb7 22. Qc2 Rb8 23. Bc1 Qb4 24. f5 Nd8 25. Bd2 Qb2 26. Qd1 Qxa2 27. Nc1 Qa4 28. Qf3 Qc2 29. Bg5 f6 30. Rf2 Qb1 31. Bd2 Rb2 32. Qd1 Qa1 33. Qe1 Nb7 34. fxg6 hxg6 35. Rf1 a5 36. g4 Rc2 37. g5 Qb2 38. Rf2 fxg5 39. Bxg5 Rxf2 40. Qxf2 Qxf2+ 41. Kxf2 Kh7 42. Ke2 Bh6 43. h4 Bxg5 44. hxg5 Nc5 45. Kd2 Bg4 46. Kc2 a4 47. Bf1 Ne6 48. Kb2 Nxg5 49. Ka3 Bd1 50. Kb4 Kg7 51. Be2 Bxe2 52. Nxe2 Ne6 53. Kxa4 Nf4 54. Kb5 Kf6 55. Kc6 Ke6 0-1

[Event "SRB Central-ch op-A 4th"]
[Site "Paracin"]
[Date "2011.07.12"]
[Round "6"]
[White "Bojovic, Dusan"]
[Black "Ratkovic, Milovan"]
[Result "0-1"]
[WhiteElo "2320"]
[BlackElo "2146"]
[PlyCount "80"]
[EventDate "2011.07.08"]
[EventType "swiss"]
[EventRounds "9"]
[EventCountry "SRB"]
[SourceTitle "CBM 143 Extra"]
[Source "ChessBase"]
[SourceDate "2011.08.29"]
[SourceVersion "1"]
[SourceVersionDate "2011.08.29"]
[SourceQuality "1"]

1. e4 c6 2. d4 d5 3. Nd2 dxe4 4. Nxe4 Bf5 5. Ng3 Bg6 6. Bc4 e6 7. N1e2 Bd6 8. h4 h6 9. Nf4 Bxf4 10. Bxf4 Nf6 11. c3 Nbd7 12. h5 Bh7 13. Bd3 Bxd3 14. Qxd3 Qa5 15. Bd2 Rd8 16. Ne4 Nxe4 17. Qxe4 Nf6 18. Qe2 Qd5 19. Rh4 Qxg2 20. 0-0-0 Rd5 21. c4 Rf5 22. Be3 Qf3 23. Qxf3 Rxf3 24. Rg1 Rg8 25. d5 cxd5 26. Bxa7 Rf5 27. Be3 Rxh5 28. Rxh5 Nxh5 29. cxd5 Nf6 30. dxe6 fxe6 31. a4 g5 32. Bd4 Ke7 33. Rh1 Rh8 34. Rh3 h5 35. Rb3 Rc8+ 36. Kd2 Rc7 37. Rh3 Rc4 38. Kd3 Rxa4 39. Bxf6+ Kxf6 40. Rxh5 Rh4 0-1

[Event "SRB Central-ch op-A 4th"]
[Site "Paracin"]
[Date "2011.07.09"]
[Round "3"]
[White "Radovanovic, Nikola"]
[Black "Bojovic, Dusan"]
[Result "0-1"]
[WhiteElo "2096"]
[BlackElo "2320"]
[PlyCount "59"]
[EventDate "2011.07.08"]
[EventType "swiss"]
[EventRounds "9"]
[EventCountry "SRB"]
[SourceTitle "CBM 143 Extra"]
[Source "ChessBase"]
[SourceDate "2011.08.29"]
[SourceVersion "1"]
[SourceVersionDate "2011.08.29"]
[SourceQuality "1"]

1. e4 c5 2. Nf3 e6 3. d4 cxd4 4. Nxd4 a6 5. Bd3 Nf6 6. 0-0 Qc7 7. Kh1 Bc5 8. c3 h5 9. Nd2 b6 10. Qe2 Bb7 11. N4b3 Be7 12. e5 Ng4 13. f4 d6 14. exd6 Qxd6 15. Be4 Bxe4 16. Nxe4 Qc7 17. h3 Nh6 18. Qxh5 g6 19. Qf3 Nc6 20. Nd4 Nxd4 21. cxd4 Rd8 22. Be3 Nf5 23. Rfd1 Qc2 24. Bf2 Qxb2 25. Rab1 Qc2 26. Rxb6 Bh4 27. Rb7 Bxf2 28. Nxf2 0-0 29. Ng4 Rxd4 30. Rd7 0-1

[Event "SRB-chT 1st League"]
[Site "Valjevo"]
[Date "2010.09.23"]
[Round "8"]
[White "Djoric, Dusan"]
[Black "Bojovic, Dusan"]
[Result "1/2-1/2"]
[WhiteElo "2300"]
[BlackElo "2330"]
[PlyCount "34"]
[EventDate "2010.09.18"]
[EventType "team"]
[EventRounds "11"]
[EventCountry "SRB"]
[SourceTitle "CBM 138 Extra"]
[Source "ChessBase"]
[SourceDate "2010.10.29"]
[SourceVersion "1"]
[SourceVersionDate "2010.10.29"]
[SourceQuality "1"]

1. c4 Nf6 2. Nc3 e6 3. g3 c5 4. Bg2 Be7 5. Nf3 d6 6. d4 cxd4 7. Nxd4 0-0 8. 0-0 a6 9. b3 Qc7 10. Bb2 Nbd7 11. Rc1 Ne5 12. Qd2 Bd7 13. Rfd1 Rac8 14. Nf3 Nxf3+ 15. Bxf3 Rfd8 16. Ne4 Nxe4 17. Bxe4 Bc6 1/2-1/2